<?xml version="1.0" encoding="UTF-8"?><?xml-stylesheet type="text/xsl" href="static/style.xsl"?><OAI-PMH xmlns="http://www.openarchives.org/OAI/2.0/" xmlns:xsi="http://www.w3.org/2001/XMLSchema-instance" xsi:schemaLocation="http://www.openarchives.org/OAI/2.0/ http://www.openarchives.org/OAI/2.0/OAI-PMH.xsd"><responseDate>2026-04-14T06:23:00Z</responseDate><request verb="GetRecord" identifier="oai:www.recercat.cat:2099.1/18394" metadataPrefix="marc">https://recercat.cat/oai/request</request><GetRecord><record><header><identifier>oai:recercat.cat:2099.1/18394</identifier><datestamp>2025-07-22T20:27:42Z</datestamp><setSpec>com_2072_1033</setSpec><setSpec>col_2072_452951</setSpec></header><metadata><record xmlns="http://www.loc.gov/MARC21/slim" xmlns:dcterms="http://purl.org/dc/terms/" xmlns:xsi="http://www.w3.org/2001/XMLSchema-instance" xmlns:doc="http://www.lyncode.com/xoai" xsi:schemaLocation="http://www.loc.gov/MARC21/slim http://www.loc.gov/standards/marcxml/schema/MARC21slim.xsd">
   <leader>00925njm 22002777a 4500</leader>
   <datafield ind2=" " ind1=" " tag="042">
      <subfield code="a">dc</subfield>
   </datafield>
   <datafield ind2=" " ind1=" " tag="720">
      <subfield code="a">Expósito Nieto, Cristina</subfield>
      <subfield code="e">author</subfield>
   </datafield>
   <datafield ind2=" " ind1=" " tag="260">
      <subfield code="c">2013-02</subfield>
   </datafield>
   <datafield ind2=" " ind1=" " tag="520">
      <subfield code="a">El presente proyecto final de grado tiene como objeto el análisis y rehabilitación energética&#xd;
de un edificio de protección oficial, destinado para parejas jóvenes. Se ubica en la ronda de&#xd;
Arraona, 29-31 de Sant Quirze del Vallès.&#xd;
El proyecto está fraccionado en 4 apartados o fases que se describen a continuación:&#xd;
Durante la Fase 1: Información del edificio, se ha realizado un trabajo detallado de toma de&#xd;
datos, para obtener la información necesaria con la finalidad de conocer el estado actual del&#xd;
edificio. Se describe la tipología constructiva, los servicios existentes y se elaboran planos&#xd;
para su mejor definición. A simple vista, este primer apartado nos da una primera idea de&#xd;
cómo enfocar el estudio.&#xd;
En la Fase 2: Auditoría energética, se trata de un proceso de inspección, estudio y análisis&#xd;
para la obtención de un conocimiento fiable del consumo energético y de su coste asociado,&#xd;
detectando factores que afectan el consumo y sistemas defectuosos.&#xd;
Se han analizado las diferentes problemáticas encontradas y determinado la gravedad de&#xd;
cada una, teniendo en cuenta la opinión y el confort de los ocupantes a través de encuestas.&#xd;
Mediante programas informáticos como el Lider y el Calener, se ha calificado&#xd;
energéticamente el edificio y justificado las causas de las anomalías.&#xd;
Finalmente, se procede a realizar un diagnóstico, donde se proponen actuaciones en la&#xd;
envolvente, sistemas y carpintería. Asimismo, se justifica que algunos puntos críticos&#xd;
podrían mejorarse con un simple protocolo de actuación por parte de los habitantes.&#xd;
En la Fase 3: Líneas de actuación, se propone las líneas de actuación a desarrollar en una&#xd;
posible intervención. Se valora de forma independiente cada una en función del rendimiento&#xd;
y el coste de la inversión. De esta forma, en función del presupuesto que se disponga, el&#xd;
edificio puede realizar la que crea que más se ajuste a sus necesidades en cada momento.&#xd;
Las soluciones se desarrollan teniendo en cuenta las normativas vigentes (CTE) y las más&#xd;
acordes, siguiendo criterios basados en la sostenibilidad y eficiencia energética.&#xd;
El contenido de la Fase 4: Análisis de soluciones y conclusiones, trata de comparar el&#xd;
estado actual y la propuesta de intervención, con el objetivo de justificar las líneas de&#xd;
actuación propuestas. Se complementa con un estudio de viabilidad y conclusiones&#xd;
personales.</subfield>
   </datafield>
   <datafield tag="653" ind2=" " ind1=" ">
      <subfield code="a">Àrees temàtiques de la UPC::Edificació::Rehabilitació d'edificis</subfield>
   </datafield>
   <datafield tag="653" ind2=" " ind1=" ">
      <subfield code="a">Àrees temàtiques de la UPC::Energies::Gestió de l'energia::Estalvi energètic</subfield>
   </datafield>
   <datafield tag="653" ind2=" " ind1=" ">
      <subfield code="a">Buildings - Energy conservation</subfield>
   </datafield>
   <datafield tag="653" ind2=" " ind1=" ">
      <subfield code="a">Housing rehabilitation</subfield>
   </datafield>
   <datafield tag="653" ind2=" " ind1=" ">
      <subfield code="a">Edificis -- Estalvi d'energia -- Catalunya -- Sant Quirze del Vallès</subfield>
   </datafield>
   <datafield tag="653" ind2=" " ind1=" ">
      <subfield code="a">Rehabilitació de l'habitatge -- Catalunya -- Sant Quirze del Vallès</subfield>
   </datafield>
   <datafield tag="653" ind2=" " ind1=" ">
      <subfield code="a">Energia -- Estalvi</subfield>
   </datafield>
   <datafield ind2="0" ind1="0" tag="245">
      <subfield code="a">Diagnóstico y propuesta de rehabilitación energética de un edificio de protección oficial a Sant Quirze del Vallès dins del projecte europeu RELS</subfield>
   </datafield>
</record></metadata></record></GetRecord></OAI-PMH>